<?xml version="1.0" encoding="UTF-8"?>
<record
    xmlns:xsi="http://www.w3.org/2001/XMLSchema-instance"
    xsi:schemaLocation="http://www.loc.gov/MARC21/slim http://www.loc.gov/standards/marcxml/schema/MARC21slim.xsd"
    xmlns="http://www.loc.gov/MARC21/slim">

  <leader>01371nam a22002774a 4500</leader>
  <controlfield tag="001">514</controlfield>
  <controlfield tag="003">BR-RjBN</controlfield>
  <controlfield tag="005">20260520085239.0</controlfield>
  <controlfield tag="008">140101s2014    sp            000 f por d</controlfield>
  <datafield tag="020" ind1=" " ind2=" ">
    <subfield code="a">9788565765329</subfield>
  </datafield>
  <datafield tag="040" ind1=" " ind2=" ">
    <subfield code="b">por</subfield>
    <subfield code="a">BR-IBIA</subfield>
    <subfield code="c">BR-IBIA</subfield>
    <subfield code="e">rda</subfield>
  </datafield>
  <datafield tag="041" ind1="1" ind2=" ">
    <subfield code="a">por</subfield>
    <subfield code="h">eng</subfield>
  </datafield>
  <datafield tag="082" ind1=" " ind2=" ">
    <subfield code="a">813.6</subfield>
    <subfield code="b">C344c</subfield>
  </datafield>
  <datafield tag="100" ind1="1" ind2=" ">
    <subfield code="a">Cass, Kiera.</subfield>
  </datafield>
  <datafield tag="245" ind1="1" ind2="0">
    <subfield code="a">Contos da sele&#xE7;&#xE3;o :</subfield>
    <subfield code="b">o pr&#xED;ncipe &amp; o guarda : um pr&#xED;ncipe, um guarda, uma garota /</subfield>
    <subfield code="c">Kiera Cass.</subfield>
  </datafield>
  <datafield tag="260" ind1=" " ind2=" ">
    <subfield code="a">S&#xE3;o Paulo :</subfield>
    <subfield code="b">Seguinte,</subfield>
    <subfield code="c">2014.</subfield>
  </datafield>
  <datafield tag="300" ind1=" " ind2=" ">
    <subfield code="a">257 p. ;</subfield>
    <subfield code="c">23 cm.</subfield>
  </datafield>
  <datafield tag="520" ind1=" " ind2=" ">
    <subfield code="a">Reunindo os contos &#x201C;O pr&#xED;ncipe&#x201D; e &#x201C;O guarda&#x201D;, esta obra apresenta novas perspectivas do universo da s&#xE9;rie A Sele&#xE7;&#xE3;o. Em &#x201C;O pr&#xED;ncipe&#x201D;, o leitor acompanha os pensamentos, inseguran&#xE7;as e expectativas de Maxon antes e durante o in&#xED;cio da competi&#xE7;&#xE3;o que escolher&#xE1; sua futura esposa. J&#xE1; em &#x201C;O guarda&#x201D;, a narrativa acompanha Aspen Leger, antigo namorado de America Singer, revelando sua rotina como integrante da guarda do pal&#xE1;cio e aspectos do reino que America desconhecia. A edi&#xE7;&#xE3;o inclui conte&#xFA;dos extras exclusivos, entrevista com a autora e cap&#xED;tulos iniciais de &#x201C;A escolha&#x201D;.</subfield>
  </datafield>
  <datafield tag="650" ind1=" " ind2="0">
    <subfield code="a">Literatura norte-americana.</subfield>
  </datafield>
  <datafield tag="650" ind1=" " ind2="0">
    <subfield code="a">Distopia.</subfield>
  </datafield>
  <datafield tag="650" ind1=" " ind2="0">
    <subfield code="a">Relacionamentos amorosos.</subfield>
    <subfield code="9">1098</subfield>
  </datafield>
  <datafield tag="650" ind1=" " ind2="0">
    <subfield code="a">Realeza.</subfield>
  </datafield>
  <datafield tag="655" ind1=" " ind2="0">
    <subfield code="a">Contos.</subfield>
  </datafield>
  <datafield tag="655" ind1=" " ind2="0">
    <subfield code="a">Fic&#xE7;&#xE3;o.</subfield>
    <subfield code="9">22</subfield>
  </datafield>
  <datafield tag="942" ind1=" " ind2=" ">
    <subfield code="2">ddc</subfield>
    <subfield code="n">0</subfield>
    <subfield code="c">BK</subfield>
  </datafield>
  <datafield tag="952" ind1=" " ind2=" ">
    <subfield code="0">0</subfield>
    <subfield code="1">0</subfield>
    <subfield code="2">ddc</subfield>
    <subfield code="4">0</subfield>
    <subfield code="7">0</subfield>
    <subfield code="8">FIC</subfield>
    <subfield code="a">BIBIB</subfield>
    <subfield code="b">BIBIB</subfield>
    <subfield code="c">IJ</subfield>
    <subfield code="d">2026-05-20</subfield>
    <subfield code="e">doa&#xE7;&#xE3;o</subfield>
    <subfield code="l">0</subfield>
    <subfield code="o">028.5 / C344c</subfield>
    <subfield code="p">2026-17449</subfield>
    <subfield code="r">2026-05-20 08:33:09</subfield>
    <subfield code="w">2026-05-20</subfield>
    <subfield code="y">BK</subfield>
  </datafield>
  <datafield tag="999" ind1=" " ind2=" ">
    <subfield code="c">514</subfield>
    <subfield code="d">514</subfield>
  </datafield>
</record>
